| 000 | 00375nam a22001217a 4500 | ||
|---|---|---|---|
| 999 |
_c9684 _d9684 |
||
| 003 | OSt | ||
| 008 | 201203b ||||| |||| 00| 0 eng d | ||
| 245 | _aJournal on Material Science | ||
| 250 | _a2018(Jan-Mar Vol.5 No.4, Apr-Jun Vol.6 No.1, Jul-Sep Vol.6 No.2, Oct-Dec Vol.6 No.3) | ||
| 260 |
_aTamil Nadu _bI Manager Publication |
||
| 650 | _aCivil Engineering | ||
| 942 |
_2ddc _cBV |
||